| 000 | 00522cam a22001571 4500 | ||
|---|---|---|---|
| 082 | 0 | 0 |
_a509.273 _bGRE _cL-28, P-61 |
| 245 | 1 | 0 |
_aGreat American scientists; _bAmerica's rise to the forefront of world science, _cby the editors of Fortune. |
| 250 | _a1st | ||
| 260 |
_aEnglewood Cliffs, N.J., _bPrentice-Hall _c[1961] |
||
| 300 |
_a144 p. _c21 cm. |
||
| 526 |
_a0 _b0 _c0 _d509_273000000000000_GRE |
||
| 650 | 0 |
_aMCE _9379 |
|
| 650 | 0 |
_aMCE _zUnited States. _938797 |
|
| 650 | 0 |
_aScience _zUnited States. _938798 |
|
| 942 |
_2ddc _cBK |
||
| 999 |
_c543439 _d543439 |
||